00780 2200229 4500001002100000005001700021008004100038035002500079040001200104082001400116084001900130100002200149245016200171260005400333300003100387500004100418504002900459650001400488700001800502850001200520990001800532INLIS00000000000968520150811141759.0  a0010-081500000001123 aYOPDYOG 223a618.2 aSK 618.2 Hen P aHENING Muji Utami aPengaruh program restribusi ANC terhadap ketepatan kunjungan periksa hamil di wilayah kerja puskesmas Sanden kabupaten Bantul tahun 2006c/ Hening Muju Utami aYogyakartabPoliteknik Kesehatan Yogyakartac2006 axi, 31 lembar.c; 29,5 cm. aKarya Tulis Ilmiah Jurusan Kebidanan aBibliografi : hlm. 30-31 aKehamilan aNINING Wiyati aYOPDYOG a47810-PD/A.15